| 000 | 00826nam a22002417a 4500 | ||
|---|---|---|---|
| 999 |
_c8763 _d8763 |
||
| 003 | AR-CdUCM | ||
| 008 | 190325b ||||| |||| 00| 0 spa d | ||
| 040 |
_aMUNICIPALIDAD PROVINCIAL DEL CUSCO _cBIBLIOTECA MUNICIPAL DEL CUSCO |
||
| 082 |
_a985.01 / _bD31 _22 ed. |
||
| 100 |
_aDávila Riquelme, Renato Santiago _924445 |
||
| 245 | _aPiedras sagradas Waro / | ||
| 260 |
_aLima : _bMolino del viento, _c2013. |
||
| 300 |
_a95 páginas ; _bilustraciones a color, mapas, planos, _c20 cm. |
||
| 650 |
_aPetroglifos- Cusco _924446 |
||
| 650 |
_aWaro -Cusco _924447 |
||
| 650 |
_aHistoria _9136 |
||
| 650 |
_aPictografía-Perú-Época Prehispánica _924448 |
||
| 650 |
_aSignos y símbolos _924449 |
||
| 650 |
_aCosmología indígena _910835 |
||
| 700 |
_aDávila Jurado, Liliana _924450 |
||
| 942 |
_2ddc _cLIBROS |
||
| 945 | _araen | ||